00836nam a2200193 a 4500001001000000005001700010008004100027041000800068044000700076050002400083245021000107260005700317300002400374500003300398500009300431500000900524600005000533651005900583BRCA_389020190320204449.0291209s1864----mx-a######---#000-0#spa-# aspa amx 4aF1233.M3b.A38 186410aAdvenimiento de SS. MM. II Maximiliano y Carlota al trono de MèxicobMiramar a Veracruz y del recibimiento que se les hizo en este ùltimo puerto y en las Ciudades de Cordoba, Orizaba, Puebla y Mèxico aMèxicobImp. de J. M. Andrade y F. Escalantec1864 a368 p.bil.c25 cm. aEncuadernaciòn deteriorado aDocumentos relativos y narración del viaje de nuestros soberanos de Miramar a Veracruz aC10014aMaximilianocemperador de Mèxicod1832-1867 4aMèxicoxHistoriayIntervenciòn francesa, 1861-1867